<?xml version="1.0" encoding="UTF-8"?>
<record
    xmlns:xsi="http://www.w3.org/2001/XMLSchema-instance"
    xsi:schemaLocation="http://www.loc.gov/MARC21/slim http://www.loc.gov/standards/marcxml/schema/MARC21slim.xsd"
    xmlns="http://www.loc.gov/MARC21/slim">

  <leader>00747nam a22001337a 4500</leader>
  <datafield tag="040" ind1=" " ind2=" ">
    <subfield code="c">RUA</subfield>
  </datafield>
  <datafield tag="082" ind1=" " ind2=" ">
    <subfield code="a">FOR NOR 2010 B138 Or.1</subfield>
  </datafield>
  <datafield tag="100" ind1=" " ind2=" ">
    <subfield code="a">NORN, NARONG.</subfield>
  </datafield>
  <datafield tag="245" ind1=" " ind2=" ">
    <subfield code="a">Floral diversity in krang serey communal forest site at kirvon commune, phnom srouch district, kampog speu province, &#x179F;&#x17B6;&#x179A;&#x1796;&#x17D0;&#x1793;&#x17D2;&#x1792;&#x179A;&#x17BB;&#x1780;&#x17D2;&#x1781;&#x1787;&#x17B6;&#x178F;&#x17B7;&#x1793;&#x17C5;&#x1780;&#x17D2;&#x1793;&#x17BB;&#x1784;&#x178F;&#x17C6;&#x1794;&#x1793;&#x17CB;&#x1796;&#x17D2;&#x179A;&#x17C3;&#x179F;&#x17A0;&#x1782;&#x1798;&#x1793;&#x17CF;&#x1780;&#x17D2;&#x179A;&#x17B6;&#x17C6;&#x1784;&#x179F;&#x17B7;&#x179A;&#x17B8; &#x1793;&#x17C5;&#x1783;&#x17BB;&#x17C6;&#x1782;&#x17B8;&#x179A;&#x17B8;&#x179C;&#x17D0;&#x178E;&#x17D2;&#x178E; &#x179F;&#x17D2;&#x179A;&#x17BB;&#x1780;&#x1797;&#x17D2;&#x1793;&#x17C6;&#x179F;&#x17D2;&#x179A;&#x17BD;&#x1785; &#x1781;&#x17C1;&#x178F;&#x17D2;&#x178F;&#x1780;&#x17C6;&#x1796;&#x1784;&#x17CB;&#x179F;&#x17D2;&#x1796;&#x17BA;</subfield>
  </datafield>
  <datafield tag="260" ind1=" " ind2=" ">
    <subfield code="a">Phnom Penh</subfield>
    <subfield code="b">RUA</subfield>
    <subfield code="c">2010</subfield>
  </datafield>
  <datafield tag="300" ind1=" " ind2=" ">
    <subfield code="a">xi; 47p.</subfield>
    <subfield code="b">ill.</subfield>
    <subfield code="c">29cm.</subfield>
  </datafield>
  <datafield tag="856" ind1=" " ind2=" ">
    <subfield code="u">https://drive.google.com/file/d/1yW7IUGezcy37eNlUS9BetDO-DxV6Kvae/view?usp=sharing</subfield>
  </datafield>
  <datafield tag="942" ind1=" " ind2=" ">
    <subfield code="c">FOR</subfield>
  </datafield>
  <datafield tag="999" ind1=" " ind2=" ">
    <subfield code="c">3378</subfield>
    <subfield code="d">3378</subfield>
  </datafield>
  <datafield tag="952" ind1=" " ind2=" ">
    <subfield code="0">0</subfield>
    <subfield code="1">0</subfield>
    <subfield code="2">ddc</subfield>
    <subfield code="4">0</subfield>
    <subfield code="6">FOR_NOR_2010_000000000000000_B138_OR_1</subfield>
    <subfield code="7">0</subfield>
    <subfield code="9">15887</subfield>
    <subfield code="a">LBB</subfield>
    <subfield code="b">LBB</subfield>
    <subfield code="c">B138</subfield>
    <subfield code="d">2015-11-12</subfield>
    <subfield code="o">FOR NOR 2010 B138 Or.1</subfield>
    <subfield code="p">RUA026556</subfield>
    <subfield code="r">2015-11-12</subfield>
    <subfield code="w">2015-11-12</subfield>
    <subfield code="y">FOR</subfield>
  </datafield>
  <datafield tag="952" ind1=" " ind2=" ">
    <subfield code="0">0</subfield>
    <subfield code="1">0</subfield>
    <subfield code="2">ddc</subfield>
    <subfield code="4">0</subfield>
    <subfield code="6">FOR_NOR_2010_000000000000000_B138_OR_2</subfield>
    <subfield code="7">0</subfield>
    <subfield code="9">15888</subfield>
    <subfield code="a">LBB</subfield>
    <subfield code="b">LBB</subfield>
    <subfield code="c">B138</subfield>
    <subfield code="d">2015-11-12</subfield>
    <subfield code="o">FOR NOR 2010 B138 Or.2</subfield>
    <subfield code="p">RUA026913</subfield>
    <subfield code="r">2015-11-12</subfield>
    <subfield code="w">2015-11-12</subfield>
    <subfield code="y">FOR</subfield>
  </datafield>
  <datafield tag="952" ind1=" " ind2=" ">
    <subfield code="0">0</subfield>
    <subfield code="1">0</subfield>
    <subfield code="2">ddc</subfield>
    <subfield code="4">0</subfield>
    <subfield code="6">FOR_NOR_2010_000000000000000_B138_OR_3</subfield>
    <subfield code="7">0</subfield>
    <subfield code="9">15889</subfield>
    <subfield code="a">LBB</subfield>
    <subfield code="b">LBB</subfield>
    <subfield code="c">B138</subfield>
    <subfield code="d">2015-11-12</subfield>
    <subfield code="o">FOR NOR 2010 B138 Or.3</subfield>
    <subfield code="p">RUA026985</subfield>
    <subfield code="r">2015-11-12</subfield>
    <subfield code="w">2015-11-12</subfield>
    <subfield code="y">FOR</subfield>
  </datafield>
  <datafield tag="952" ind1=" " ind2=" ">
    <subfield code="0">0</subfield>
    <subfield code="1">0</subfield>
    <subfield code="2">ddc</subfield>
    <subfield code="4">0</subfield>
    <subfield code="6">FOR_NOR_2010_000000000000000_B138_OR_4</subfield>
    <subfield code="7">0</subfield>
    <subfield code="9">15890</subfield>
    <subfield code="a">LBB</subfield>
    <subfield code="b">LBB</subfield>
    <subfield code="c">B138</subfield>
    <subfield code="d">2015-11-12</subfield>
    <subfield code="o">FOR NOR 2010 B138 Or.4</subfield>
    <subfield code="p">RUA026540</subfield>
    <subfield code="r">2015-11-12</subfield>
    <subfield code="w">2015-11-12</subfield>
    <subfield code="y">FOR</subfield>
  </datafield>
  <datafield tag="952" ind1=" " ind2=" ">
    <subfield code="0">0</subfield>
    <subfield code="1">0</subfield>
    <subfield code="2">ddc</subfield>
    <subfield code="4">0</subfield>
    <subfield code="6">FOR_NOR_2010_000000000000000_B138_OR_5</subfield>
    <subfield code="7">0</subfield>
    <subfield code="9">15891</subfield>
    <subfield code="a">LBB</subfield>
    <subfield code="b">LBB</subfield>
    <subfield code="c">B138</subfield>
    <subfield code="d">2015-11-12</subfield>
    <subfield code="l">1</subfield>
    <subfield code="o">FOR NOR 2010 B138 Or.5</subfield>
    <subfield code="p">RUA026684</subfield>
    <subfield code="r">2023-07-19</subfield>
    <subfield code="s">2023-06-14</subfield>
    <subfield code="w">2015-11-12</subfield>
    <subfield code="y">FOR</subfield>
  </datafield>
  <datafield tag="952" ind1=" " ind2=" ">
    <subfield code="0">0</subfield>
    <subfield code="1">0</subfield>
    <subfield code="2">ddc</subfield>
    <subfield code="4">0</subfield>
    <subfield code="6">FOR_NOR_2010_000000000000000_B138_OR_6</subfield>
    <subfield code="7">0</subfield>
    <subfield code="9">15892</subfield>
    <subfield code="a">LBB</subfield>
    <subfield code="b">LBB</subfield>
    <subfield code="c">B138</subfield>
    <subfield code="d">2015-11-12</subfield>
    <subfield code="o">FOR NOR 2010 B138 Or.6</subfield>
    <subfield code="p">RUA026178</subfield>
    <subfield code="r">2015-11-12</subfield>
    <subfield code="w">2015-11-12</subfield>
    <subfield code="y">FOR</subfield>
  </datafield>
  <datafield tag="952" ind1=" " ind2=" ">
    <subfield code="0">0</subfield>
    <subfield code="1">0</subfield>
    <subfield code="2">ddc</subfield>
    <subfield code="4">0</subfield>
    <subfield code="6">FOR_NOR_2010_000000000000000_B138_OR_7</subfield>
    <subfield code="7">0</subfield>
    <subfield code="9">15893</subfield>
    <subfield code="a">LBB</subfield>
    <subfield code="b">LBB</subfield>
    <subfield code="c">B138</subfield>
    <subfield code="d">2015-11-12</subfield>
    <subfield code="o">FOR NOR 2010 B138 Or.7</subfield>
    <subfield code="p">RUA026252</subfield>
    <subfield code="r">2015-11-12</subfield>
    <subfield code="w">2015-11-12</subfield>
    <subfield code="y">FOR</subfield>
  </datafield>
  <datafield tag="952" ind1=" " ind2=" ">
    <subfield code="0">0</subfield>
    <subfield code="1">0</subfield>
    <subfield code="2">ddc</subfield>
    <subfield code="4">0</subfield>
    <subfield code="6">FOR_NOR_2010_000000000000000_B138_OR_8</subfield>
    <subfield code="7">0</subfield>
    <subfield code="9">15894</subfield>
    <subfield code="a">LBB</subfield>
    <subfield code="b">LBB</subfield>
    <subfield code="c">B138</subfield>
    <subfield code="d">2015-11-12</subfield>
    <subfield code="o">FOR NOR 2010 B138 Or.8</subfield>
    <subfield code="p">RUA026324</subfield>
    <subfield code="r">2015-11-12</subfield>
    <subfield code="w">2015-11-12</subfield>
    <subfield code="y">FOR</subfield>
  </datafield>
</record>
